=LDR 00000nam 2200000 4500 =001 000835 =005 20250712123920 =035 ##$$a 0010-0725000709 =007 ta =008 250712################a##########0#ind## =020 ##$$a 978-602-244-276-9 =082 ##$$a 398.209 598 =084 ##$$a 398.209 598 ADI b =100 #$$a adi sumunar =245 1#$$a buldoser beti /$c adi sumunar =250 ##$$a pertama =260 ##$$a jakarta :$b pusat perbukuan,$c 2019 =300 ##$$a 40hlm. : $b ilus. ; $c 22,9cm =990 ##$$a TBM202400815